| Tag |
First Indicator |
Second Indicator |
Subfields |
| LEADER |
00000cam a2200000 i 4500 |
| 001 |
in00003474721 |
| 005 |
20151206104907.0 |
| 008 |
780626s1977 fr b 00010 fre |
| 010 |
|
|
|a 78356983
|
| 015 |
|
|
|a F***
|
| 020 |
|
|
|a 2082117014
|
| 040 |
|
|
|d UtOrBLW
|
| 082 |
0 |
|
|a 084/.1
|
| 090 |
|
|
|a AC25
|b .D42
|
| 100 |
1 |
|
|a Deleuze, Gilles,
|d 1925-1995.
|
| 245 |
1 |
0 |
|a Dialogues /
|c Gilles Deleuze, Claire Parnet.
|
| 264 |
|
1 |
|a Paris :
|b Flammarion,
|c [1977]
|
| 264 |
|
4 |
|c ©1977
|
| 300 |
|
|
|a 177 pages ;
|c 22 cm.
|
| 336 |
|
|
|a text
|b txt
|2 rdacontent
|
| 337 |
|
|
|a unmediated
|b n
|2 rdamedia
|
| 338 |
|
|
|a volume
|b nc
|2 rdacarrier
|
| 490 |
1 |
|
|a Dialogues
|
| 504 |
|
|
|a Bibliography: page 177.
|
| 700 |
1 |
|
|a Parnet, Claire.
|
| 830 |
|
0 |
|a Dialogues.
|
| 999 |
|
|
|a MARS
|
| 999 |
f |
f |
|s 925d3c34-4df7-3b32-922a-c76f2995991e
|i 08db9c62-7647-3306-86c7-81c19e6d9dfb
|t 0
|
| 952 |
f |
f |
|p ric
|a Texas A&M University
|b Rellis Campus
|c Joint Library Facility
|d Remote Storage
|t 0
|e AC25 .D42
|h Library of Congress classification
|i unmediated -- volume
|m 32060004554644
|
| 998 |
f |
f |
|a AC25 .D42
|t 0
|l Remote Storage
|